000 01025nac a22002897a 4500
001 BR7901508
003 BR-BrBNA
005 20240105114408.0
008 230509b bl.|||m| |||| 00| 0 por d
040 _aBR-BrBNA
_bpor
_cBiblioteca Nacional de Agricultura
072 _aF25
090 _a0120 BR7901508
100 1 _aCarvalho, H.W.L. de
100 1 _aCosta, J.A.
100 1 _aLima, A. do N.
110 1 _aUnidade de Execucao de Pesquisa de Ambito Estadual de Barreiras, BA (Brasil)
_910348
245 1 _aEfeito da adubacao na variedade de milho piranao quando submetida a diferentes espacamentos em alguns solos do vale do Sao Francisco [Zea mays]
260 3 _aBarreiras, BA (Brasil):
_c1978.
300 _a7 p.
490 _aComunicado Tecnico - Unidade de Execucao de Pesquisa de Ambito Estadual de Barreiras (Brazil)
_vno. 14
_x
650 _aMILHO
650 _aADUBACAO
650 _aVARIEDADE
650 _aESPACAMENTO
909 _a202312
_bLúcia Elande
_c55
_dLúcia Elande
942 _2AGRIS
_n0
_cMS
999 _c269105
_d269105